[Event "8th American Continental (w)"]
[Site "Lima PER"]
[Date "2016.02.26"]
[Round "7.19"]
[White "Pescoran Machaca, Mariabelen"]
[Black "Francia Arzapalo, Gianella"]
[Result "1/2-1/2"]
[WhiteElo "1299"]
[BlackElo "1486"]
[EventDate "2016.02.20"]
[PlyCount "60"]

1.d4 g6 2.c4 Bg7 3.e4 d6 4.Nc3 Nd7 5.Nf3 a6 6.Be2 c5 7.d5 Ngf6 8.Be3 O-O 
9.O-O Rb8 10.Qc2 Ng4 11.Bd2 Nge5 12.Nxe5 Nxe5 13.h3 f5 14.f3 Bd7 15.a4 f4 
16.Be1 g5 17.Bf2 h5 18.Kh2 Qc8 19.Rh1 Rf6 20.Kg1 Kf7 21.b3 Qc7 22.Qd1 Rh8 
23.Rc1 Qc8 24.Bf1 Qf8 25.Be2 Ke8 26.Kf1 Rg6 27.Ke1 g4 28.Bf1 Bf6 29.Rc2 
Qg7 30.Na2 Nf7 1/2-1/2

[Event "8th American Continental (w)"]
[Site "Lima PER"]
[Date "2016.02.27"]
[Round "8.1"]
[White "Cori Tello, Deysi"]
[Black "Zuriel, Marisa"]
[Result "1-0"]
[WhiteElo "2430"]
[BlackElo "2295"]
[EventDate "2016.02.20"]
[PlyCount "233"]

1.Nf3 Nf6 2.d4 e6 3.e3 c5 4.Bd3 d5 5.O-O Nc6 6.c4 dxc4 7.Bxc4 cxd4 8.exd4 
Be7 9.Nc3 O-O 10.h3 b6 11.Be3 Nb4 12.Ne5 Bb7 13.Qe2 Nbd5 14.Nxd5 Nxd5 15.
a3 Bf6 16.Rad1 Rc8 17.Bc1 Rc7 18.Bd3 Rxc1 19.Qe4 g6 20.Rxc1 Bg5 21.Rc2 Ba8
22.Qe1 Nf4 23.Be4 Qxd4 24.Bxa8 Rxa8 25.Nf3 Qd8 26.Qe4 Nd5 27.Rd1 Bf6 28.
Nd4 Bxd4 29.Qxd4 h6 30.Rdc1 Kh7 31.g3 Qe8 32.h4 h5 33.Qe5 Rd8 34.Rc4 Qd7 
35.Qg5 Rg8 36.Rc6 Re8 37.b4 Rg8 38.Kh2 Re8 39.Qe5 Qe7 40.R1c2 Rd8 41.Rd2 
Nf6 42.Qe2 Nd5 43.Rdc2 Qd7 44.Qe5 Qe7 45.R6c4 Qe8 46.Rd2 Qe7 47.Qg5 Qd7 
48.Rdd4 Re8 49.Qe5 Qe7 50.Qe2 Rd8 51.Qf3 Re8 52.Re4 Nf6 53.Re2 Nd5 54.Kg2 
Qd7 55.Re5 Kg7 56.Re2 Rd8 57.Rec2 Re8 58.Qe2 Kh7 59.Qe5 Qb7 60.Kh2 Kg8 61.
g4 f6 62.Qd6 hxg4 63.Rxg4 Qh7 64.Rc1 f5 65.Rxg6+ Kf7 66.Rg2 Qxh4+ 67.Kg1 
Qh6 68.Re1 Nf4 69.Rg3 Rh8 70.Qc7+ Kf6 71.Qc3+ Kf7 72.Qc6 Nh3+ 73.Kf1 Nf4 
74.Kg1 Qh2+ 75.Kf1 Qh6 76.b5 Re8 77.Kg1 Nd5 78.Qd7+ Re7 79.Qc8 Re8 80.Qd7+
Re7 81.Qd6 Nf6 82.Rg2 Ng4 83.f3 Nf6 84.Qh2 Qxh2+ 85.Rxh2 Rc7 86.Rhe2 Re7 
87.Rc2 Nd5 88.Rc6 Kf6 89.Kf2 Nf4 90.Rd1 Rh7 91.Kg3 Kg5 92.Rc8 Rh3+ 93.Kf2 
Rh2+ 94.Ke3 Re2+ 95.Kd4 e5+ 96.Kc3 Re3+ 97.Kb2 Nd3+ 98.Ka2 Rxf3 99.Rc7 
Rf2+ 100.Ka1 e4 101.Rxa7 Nc5 102.Rc7 Rc2 103.Kb1 Rc3 104.Rd5 e3 105.Rf7 e2
106.Rdxf5+ Kg4 107.Re5 Rxa3 108.Rxe2 Rb3+ 109.Kc2 Rb4 110.Rg2+ Kh3 111.Rg1
Rc4+ 112.Kd2 Kh2 113.Rg6 Rd4+ 114.Ke3 Rd3+ 115.Ke2 Rh3 116.Rf2+ Kh1 117.
Kf1 1-0

[Event "8th American Continental (w)"]
[Site "Lima PER"]
[Date "2016.02.27"]
[Round "8.2"]
[White "Paredes Bustamante, Paula"]
[Black "Arribas Robaina, Maritza"]
[Result "1/2-1/2"]
[WhiteElo "2096"]
[BlackElo "2333"]
[EventDate "2016.02.20"]
[PlyCount "130"]

1.e4 e5 2.Nf3 Nc6 3.Nc3 Bc5 4.Nxe5 Nxe5 5.d4 Bd6 6.dxe5 Bxe5 7.f4 Bxc3+ 8.
bxc3 Qh4+ 9.g3 Qe7 10.Qe2 d6 11.Bg2 Nf6 12.Ba3 O-O 13.O-O Re8 14.Rae1 Qe6 
15.c4 Bd7 16.Bb2 Bc6 17.f5 Qe7 18.Qd3 Nd7 19.Qc3 f6 20.Rf2 a5 21.g4 Qe5 
22.h3 Qxc3 23.Bxc3 Ne5 24.Bf1 b6 25.Kg2 Re7 26.Kg3 Rae8 27.Bd4 Kf8 28.Bd3 
Bb7 29.h4 Nc6 30.Ba1 h6 31.g5 Ne5 32.Kf4 Ba6 33.gxf6 gxf6 34.Rg2 Rg7 35.
Rxg7 Kxg7 36.Be2 Re7 37.Bxe5 dxe5+ 38.Ke3 Rd7 39.Rg1+ Kh7 40.Rg6 Rd6 41.c5
bxc5 42.Bxa6 Rxa6 43.Kd3 Rd6+ 44.Kc4 Rd4+ 45.Kxc5 Rxe4 46.Rxf6 Rxh4 47.
Rf7+ Kg8 48.Rxc7 Rf4 49.Kd5 Rxf5 50.c4 h5 51.Ke6 Rf2 52.Kxe5 h4 53.Kd4 h3 
54.Rc5 h2 55.Rh5 Rxa2 56.c5 Rc2 57.c6 Kf7 58.c7 Ke6 59.Rxh2 Rxc7 60.Ra2 
Rd7+ 61.Kc4 Rd5 62.Rb2 Rf5 63.Rb5 Rf4+ 64.Kb3 a4+ 65.Ka3 Kd6 1/2-1/2

[Event "8th American Continental (w)"]
[Site "Lima PER"]
[Date "2016.02.27"]
[Round "8.3"]
[White "Fuentes Godoy, Lilia Ivonne"]
[Black "Franco Valencia, Angela Maria"]
[Result "0-1"]
[WhiteElo "2062"]
[BlackElo "2197"]
[EventDate "2016.02.20"]
[PlyCount "106"]

1.d4 Nf6 2.c4 c5 3.d5 e6 4.Nc3 exd5 5.cxd5 Bd6 6.g3 Bc7 7.d6 Ba5 8.Bg2 O-O
9.Nh3 h6 10.O-O Re8 11.Nf4 Bxc3 12.bxc3 Nc6 13.Re1 Qa5 14.Bb2 c4 15.Nd5 
Nxd5 16.Bxd5 Ne5 17.Qd4 Rb8 18.Bxc4 b5 19.Bd5 Nc4 20.Bc1 Bb7 21.Bxb7 Rxb7 
22.e4 Qb6 23.Qd5 Nxd6 24.Be3 Qc6 25.Qxc6 dxc6 26.f3 Nc4 27.Rad1 a5 28.Bc5 
b4 29.cxb4 axb4 30.Rd4 Ne5 31.Kg2 Ra8 32.Re2 b3 33.axb3 Rxb3 34.f4 Nd3 35.
Be7 c5 36.Rd8+ Rxd8 37.Bxd8 c4 38.Rd2 c3 39.Rxd3 c2 40.Rxb3 c1=Q 41.Rb8 
Qc2+ 42.Kf3 Qd3+ 43.Kf2 Qxe4 44.Bb6+ Kh7 45.Be3 g5 46.Rb2 Qh1 47.Bd4 Qxh2+
48.Kf3 Qh5+ 49.Ke4 Qg4 50.Bf2 Qe6+ 51.Kf3 Qc6+ 52.Kg4 gxf4 53.Rb6 Qg2 0-1

[Event "8th American Continental (w)"]
[Site "Lima PER"]
[Date "2016.02.27"]
[Round "8.4"]
[White "Franco Valencia, Beatriz Irene"]
[Black "Eswaran, Ashritha"]
[Result "1/2-1/2"]
[WhiteElo "2153"]
[BlackElo "2149"]
[EventDate "2016.02.20"]
[PlyCount "59"]

1.d4 d5 2.c4 e5 3.dxe5 d4 4.Nf3 Nc6 5.g3 Nge7 6.Bg2 Ng6 7.a3 Ngxe5 8.Nxe5 
Nxe5 9.Bd5 c5 10.Qb3 Bd6 11.Bf4 O-O 12.Nd2 Rb8 13.Ne4 b6 14.Nxd6 Qxd6 15.
e3 Bb7 16.exd4 cxd4 17.O-O-O Bxd5 18.cxd5 g5 19.Bxe5 Qxe5 20.Rhe1 Qf5 21.
Qd3 Qxd5 22.Qxd4 Qa2 23.Rd3 Rbc8+ 24.Kd2 Rcd8 25.Qc3 Rxd3+ 26.Kxd3 Qd5+ 
27.Qd4 Qxd4+ 28.Kxd4 Rd8+ 29.Kc3 Rd7 30.g4 1/2-1/2

[Event "8th American Continental (w)"]
[Site "Lima PER"]
[Date "2016.02.27"]
[Round "8.5"]
[White "Fernandez, Maria Florencia"]
[Black "Rivera Banqueth, Ingris"]
[Result "1-0"]
[WhiteElo "2264"]
[BlackElo "2262"]
[EventDate "2016.02.20"]
[PlyCount "139"]

1.d4 Nf6 2.c4 g6 3.Nc3 Bg7 4.e4 d6 5.Nf3 O-O 6.Be2 e5 7.d5 a5 8.Bg5 Na6 9.
Nd2 Qe8 10.g4 Nd7 11.h4 h6 12.Be3 f5 13.gxf5 gxf5 14.exf5 Ndc5 15.Rg1 Kh8 
16.Nf1 Bxf5 17.Ng3 Bh7 18.Nh5 Rg8 19.Qd2 Nb4 20.Bxh6 Nbd3+ 21.Kf1 Qf7 22.
Bxg7+ Rxg7 23.Qe3 Rxg1+ 24.Kxg1 Rg8+ 25.Ng3 Qf4 26.Qf3 Nxb2 27.Kf1 Qxf3 
28.Bxf3 Nxc4 29.Be2 Na3 30.Rc1 Rf8 31.Kg2 Rf4 32.h5 Nc2 33.Nb5 Nd4 34.Nxc7
Nxe2 35.Nxe2 Be4+ 36.Kg1 Rf7 37.Nb5 Nd3 38.Rc8+ Kh7 39.Nxd6 Rg7+ 40.Ng3 
Bxd5 41.Ne8 Rf7 42.Rd8 Nf4 43.Nd6 Rc7 44.Ne8 Rf7 45.Rd6 Be6 46.Ne4 Kg8 47.
h6 Kf8 48.N8f6 Ke7 49.Ng8+ Ke8 50.Nef6+ Rxf6 51.Nxf6+ Ke7 52.h7 Ng6 53.Ne4
Nh8 54.Rb6 Bd5 55.Nc5 Kf7 56.Nxb7 Bxa2 57.Nxa5 Kg7 58.Rb7+ Nf7 59.Nc6 Bd5 
60.h8=Q+ Kxh8 61.Rc7 Bxc6 62.Rxc6 Kg7 63.Kg2 Ng5 64.Kg3 Ne4+ 65.Kf3 Nf6 
66.Re6 e4+ 67.Kf4 Kf7 68.Ra6 Ke7 69.Kf5 Nd7 70.Re6+ 1-0

[Event "8th American Continental (w)"]
[Site "Lima PER"]
[Date "2016.02.27"]
[Round "8.6"]
[White "Abrahamyan, Tatev"]
[Black "Perez Rodriguez, Jennifer"]
[Result "1-0"]
[WhiteElo "2324"]
[BlackElo "2155"]
[EventDate "2016.02.20"]
[PlyCount "112"]

1.e4 e5 2.Nf3 Nc6 3.Bb5 f5 4.d3 fxe4 5.dxe4 Nf6 6.Be3 d6 7.Nc3 Be7 8.Bc4 
Na5 9.Be2 O-O 10.O-O h6 11.Nd2 Be6 12.b4 Nc6 13.a3 Qe8 14.Bc4 Bxc4 15.Nxc4
Qf7 16.Qd3 a6 17.Rad1 Nd8 18.Nd5 Ne6 19.Na5 b6 20.Nb3 Nh7 21.c4 Bg5 22.a4 
Bxe3 23.fxe3 Qd7 24.c5 Rxf1+ 25.Rxf1 dxc5 26.bxc5 c6 27.Nb4 Qxd3 28.Nxd3 
bxc5 29.Nbxc5 Nxc5 30.Nxc5 Nf6 31.Rb1 Rd8 32.Kf2 Rd2+ 33.Kf3 g5 34.h3 h5 
35.Rb8+ Kf7 36.Nxa6 g4+ 37.hxg4 hxg4+ 38.Kg3 Rd3 39.Rb7+ Kg6 40.Nb8 Rxe3+ 
41.Kh4 Nxe4 42.Nxc6 Nd6 43.Ne7+ Kf7 44.Nf5+ Ke6 45.Nxe3 Nxb7 46.Kxg4 Kf6 
47.Kh5 Na5 48.g4 Nc6 49.g5+ Ke6 50.g6 Ne7 51.a5 Kd6 52.g7 Kc6 53.Nf5 Ng8 
54.Kg6 e4 55.Kf7 e3 56.Kxg8 Kd5 1-0

[Event "8th American Continental (w)"]
[Site "Lima PER"]
[Date "2016.02.27"]
[Round "8.7"]
[White "Dominguez Barrios, Laura Lucia"]
[Black "Caballero Quijano, Mitzy Mishell"]
[Result "1-0"]
[WhiteElo "2078"]
[BlackElo "1909"]
[EventDate "2016.02.20"]
[PlyCount "51"]

1.e4 d6 2.d4 g6 3.Nc3 Bg7 4.Be3 a6 5.Qd2 b5 6.h4 h6 7.f3 Nd7 8.O-O-O Bb7 
9.g4 c6 10.Kb1 Qa5 11.Nh3 O-O-O 12.Nf2 b4 13.Ne2 Nb6 14.Nc1 Na4 15.a3 c5 
16.axb4 Qxb4 17.Qxb4 cxb4 18.Nfd3 f5 19.gxf5 gxf5 20.Bh3 e6 21.Nf4 e5 22.
Bxf5+ Kb8 23.Ne6 Rd7 24.Nxg7 Rxg7 25.dxe5 dxe5 26.Bd7 1-0

[Event "8th American Continental (w)"]
[Site "Lima PER"]
[Date "2016.02.27"]
[Round "8.8"]
[White "Zarate Oyague, Flor de Maria"]
[Black "Solis Chimoy, Blanca"]
[Result "1-0"]
[WhiteElo "1924"]
[BlackElo "1869"]
[EventDate "2016.02.20"]
[PlyCount "67"]

1.d4 g6 2.c4 Bg7 3.Nc3 d6 4.e4 Nc6 5.Be3 e5 6.d5 Nce7 7.g4 f5 8.gxf5 gxf5 
9.Bh3 f4 10.Bd2 Nf6 11.Bxc8 Qxc8 12.Nf3 Bh6 13.Qe2 Qd7 14.c5 O-O 15.O-O-O 
Kh8 16.Kb1 Rfe8 17.Rc1 c6 18.cxd6 Qxd6 19.Rhd1 Qb8 20.Qc4 b5 21.Qe2 b4 22.
Na4 cxd5 23.Nc5 dxe4 24.Nxe4 Ned5 25.Rc6 Bg7 26.Rdc1 a5 27.Nd6 Re6 28.Nf7+
Kg8 29.Rxe6 Kxf7 30.Nxe5+ Kxe6 31.Nc6+ Kd6 32.Bxf4+ Nxf4 33.Qe5+ Kd7 34.
Qe7+ 1-0

[Event "8th American Continental (w)"]
[Site "Lima PER"]
[Date "2016.02.27"]
[Round "8.9"]
[White "Orozco Lopez, Lina Yomayra"]
[Black "Castrillon Gomez, Melissa"]
[Result "0-1"]
[WhiteElo "2118"]
[BlackElo "2215"]
[EventDate "2016.02.20"]
[PlyCount "94"]

1.e4 e5 2.Nf3 Nc6 3.Bb5 a6 4.Ba4 Nf6 5.O-O Be7 6.h3 b5 7.Bb3 d6 8.c3 Bb7 
9.Re1 Nb8 10.Bc2 O-O 11.d4 Nbd7 12.Nbd2 c5 13.Nf1 cxd4 14.cxd4 exd4 15.
Nxd4 Re8 16.Ng3 d5 17.exd5 Bxd5 18.Bg5 Qb6 19.Ndf5 Bb4 20.Bd2 Rxe1+ 21.
Bxe1 Bf8 22.Bc3 Bb7 23.Bb3 Qc6 24.Qf1 Nc5 25.Bd1 Re8 26.Bf3 Nce4 27.Nxe4 
Nxe4 28.Ng3 Qg6 29.Nxe4 Bxe4 30.Bxe4 Rxe4 31.a3 h6 32.Rd1 Bc5 33.Rd8+ Kh7 
34.Qd3 Qf5 35.Qg3 f6 36.Rd1 Re2 37.Rf1 a5 38.Bxa5 Rxb2 39.Be1 Qc2 40.Bb4 
Bxb4 41.axb4 Rxb4 42.Kh2 Rb1 43.Rxb1 Qxb1 44.f4 Qf5 45.Qe3 b4 46.g4 Qc2+ 
47.Kg1 b3 0-1

[Event "8th American Continental (w)"]
[Site "Lima PER"]
[Date "2016.02.27"]
[Round "8.10"]
[White "Dongo Pinzon, Melanie"]
[Black "Garcia Contreras, Ana"]
[Result "1-0"]
[WhiteElo "1741"]
[BlackElo "1759"]
[EventDate "2016.02.20"]
[PlyCount "95"]

1.e4 c5 2.Nf3 a6 3.c4 e6 4.d4 cxd4 5.Nxd4 Qc7 6.a3 Nf6 7.Nc3 Nc6 8.Be3 d6 
9.Be2 Be7 10.f4 O-O 11.O-O Rb8 12.Rc1 b6 13.b4 Bb7 14.Qd3 Ba8 15.Bf3 Rfc8 
16.Nb3 Nd8 17.Nd2 Qd7 18.g4 a5 19.g5 Ne8 20.b5 Qc7 21.f5 e5 22.Bg4 f6 23.
Nd5 Qa7 24.h4 Bxd5 25.Qxd5+ Kh8 26.Nf3 Nc7 27.Qd2 Qb7 28.Qd3 Ne8 29.Rf2 
Bf8 30.Rg2 Qc7 31.Kh1 Nb7 32.Nd2 Nc5 33.Qe2 Qb7 34.Bf2 a4 35.Rcg1 Nd7 36.
Bh5 d5 37.Bxe8 Rxe8 38.exd5 fxg5 39.hxg5 Bxa3 40.Qh5 Nf8 41.g6 h6 42.Ne4 
Rbc8 43.Qxh6+ gxh6 44.g7+ Qxg7 45.Rxg7 Nd7 46.Rxd7 Rxc4 47.Nf6 Re7 48.Rg8#
1-0

[Event "8th American Continental (w)"]
[Site "Lima PER"]
[Date "2016.02.27"]
[Round "8.11"]
[White "Heredia Serrano, Carla"]
[Black "Aliaga Fernandez, Ingrid"]
[Result "1/2-1/2"]
[WhiteElo "2185"]
[BlackElo "2173"]
[EventDate "2016.02.20"]
[PlyCount "87"]

1.e4 c5 2.Nf3 d6 3.d4 cxd4 4.Nxd4 Nf6 5.Nc3 a6 6.Qe2 Nc6 7.Be3 Nxd4 8.Bxd4
e5 9.Be3 Be6 10.O-O-O Qa5 11.Kb1 Rc8 12.Bd2 Qc7 13.Bg5 Be7 14.Bxf6 Bxf6 
15.Nd5 Bxd5 16.Rxd5 O-O 17.h4 Qb6 18.g4 Rc5 19.g5 Be7 20.Bh3 Rxd5 21.exd5 
Qd4 22.Qf3 Bd8 23.Bf5 g6 24.Bd3 Qf4 25.Qg2 a5 26.f3 b5 27.Bxb5 Be7 28.Bd3 
a4 29.Qe2 a3 30.Qe4 Qd2 31.Qe1 Qf4 32.Qe4 Qd2 33.Qe1 Qf4 34.Be4 axb2 35.
Qb4 Bd8 36.Kxb2 Bc7 37.Ka1 Rb8 38.Qa3 Qd2 39.Rb1 Rxb1+ 40.Kxb1 Ba5 41.Qd3 
Qb4+ 42.Qb3 Qe1+ 43.Kb2 Bd2 44.Qb8+ 1/2-1/2

[Event "8th American Continental (w)"]
[Site "Lima PER"]
[Date "2016.02.27"]
[Round "8.12"]
[White "Mostacero Velarde, Isabella"]
[Black "Chumpitaz Carbajal, Ann"]
[Result "0-1"]
[WhiteElo "1705"]
[BlackElo "2209"]
[EventDate "2016.02.20"]
[PlyCount "60"]

1.e4 c5 2.Nf3 e6 3.g3 a6 4.Bg2 Nc6 5.O-O Qc7 6.Re1 Nf6 7.c3 d6 8.d4 Be7 9.
d5 Na5 10.a4 O-O 11.b4 Nc4 12.Na3 cxb4 13.cxb4 exd5 14.exd5 Nb6 15.Nh4 Bg4
16.Qb3 Rae8 17.a5 Nbxd5 18.Bxd5 Nxd5 19.Qxd5 Bxh4 20.Be3 Bf6 21.Rac1 Qd7 
22.Nc4 Be6 23.Nb6 Qe7 24.Qd3 Bb2 25.Rcd1 Bg4 26.Rd2 Be5 27.f4 Bxf4 28.Bf2 
Qxe1+ 29.Bxe1 Rxe1+ 30.Kg2 Bxd2 0-1

[Event "8th American Continental (w)"]
[Site "Lima PER"]
[Date "2016.02.27"]
[Round "8.13"]
[White "Rodriguez Ibarra, Sofia"]
[Black "Martinez, Ayelen"]
[Result "0-1"]
[WhiteElo "1794"]
[BlackElo "2193"]
[EventDate "2016.02.20"]
[PlyCount "100"]

1.e4 c5 2.Nf3 d6 3.d4 cxd4 4.Nxd4 Nf6 5.Nc3 a6 6.g3 e5 7.Nde2 b5 8.Bg2 Bb7
9.Nd5 Bxd5 10.exd5 Nbd7 11.O-O Be7 12.a4 O-O 13.Be3 Ng4 14.Bc1 Bg5 15.Bxg5
Qxg5 16.Nc3 h5 17.h3 Nh6 18.axb5 axb5 19.Nxb5 h4 20.gxh4 Qg6 21.h5 Qf6 22.
Qf3 Nf5 23.Kh1 Rac8 24.Ra7 Rfd8 25.c3 Rc4 26.b3 Rh4 27.Ra4 Rb8 28.Rxh4 
Nxh4 29.Qxf6 Nxf6 30.Nxd6 Nxg2 31.Kxg2 Nxd5 32.b4 Rd8 33.Nb5 Nf4+ 34.Kh2 
Rd3 35.Ra1 Rxh3+ 36.Kg1 Ne2+ 37.Kg2 Nf4+ 38.Kg1 Rxh5 39.Ra7 Rh3 40.Ra8+ 
Kh7 41.Ra3 Rd3 42.Ra7 Kg6 43.c4 Rd2 44.Ra3 Nd3 45.c5 Nxb4 46.Rg3+ Kf6 47.
Nd6 Rd1+ 48.Kg2 Nd3 49.Rf3+ Ke6 50.Ne4 Ne1+ 0-1

[Event "8th American Continental (w)"]
[Site "Lima PER"]
[Date "2016.02.27"]
[Round "8.15"]
[White "Arias Cango, Nathaly"]
[Black "Besso, Guadalupe"]
[Result "0-1"]
[WhiteElo "1888"]
[BlackElo "1996"]
[EventDate "2016.02.20"]
[PlyCount "152"]

1.e4 c5 2.Nf3 d6 3.c3 Nf6 4.Be2 g6 5.O-O Bg7 6.Bb5+ Bd7 7.Bxd7+ Qxd7 8.Re1
Nc6 9.d4 cxd4 10.cxd4 d5 11.e5 Ne4 12.Nc3 Nxc3 13.bxc3 O-O 14.h4 Rac8 15.
h5 Nd8 16.Qd3 Ne6 17.g3 Qc6 18.Bd2 Qc4 19.Qe3 Qc6 20.Kg2 Rfe8 21.hxg6 hxg6
22.Rh1 f6 23.Rh2 Kf7 24.Rah1 Rh8 25.exf6 exf6 26.Qd3 Qc4 27.Qb1 Qc6 28.Nh4
Nf8 29.Qb4 Qb6 30.Qa4 Rc4 31.Qa3 Ne6 32.Nf3 Rcc8 33.Qa4 Qc6 34.Qb3 Rxh2+ 
35.Rxh2 Rh8 36.Rxh8 Bxh8 37.Ne1 Bg7 38.Nd3 a5 39.Nb2 Bf8 40.Nd3 b5 41.Ne1 
Qc4 42.Qb2 b4 43.Nf3 Be7 44.Qa1 Bf8 45.Qh1 bxc3 46.Qh7+ Bg7 47.Nh4 cxd2 
48.Qxg6+ Kf8 49.Qb1 Qc7 50.Nf3 d1=Q 51.Qxd1 Qc4 52.Qb1 Qb4 53.Qc1 Kf7 54.
Qc8 Qe7 55.Qc2 Kg8 56.Qc8+ Kf7 57.Qc2 Qc7 58.Qf5 Qd6 59.Ne5+ Kg8 60.Nf3 
Qd7 61.Qb1 a4 62.Qb8+ Kh7 63.Qb1+ Kg8 64.Qb8+ Bf8 65.Qb6 Kf7 66.Qb1 Ng7 
67.Nh4 f5 68.Qb6 Qe6 69.Qc7+ Be7 70.Nf3 Qe4 71.Qc3 Ne6 72.Kh2 Kg7 73.a3 f4
74.g4 Qe2 75.Kg2 Ng5 76.Ne5 f3+ 0-1

[Event "8th American Continental (w)"]
[Site "Lima PER"]
[Date "2016.02.27"]
[Round "8.16"]
[White "Romero Dongo, Antonella"]
[Black "Peng, Jackie"]
[Result "0-1"]
[WhiteElo "1781"]
[BlackElo "1922"]
[EventDate "2016.02.20"]
[PlyCount "68"]

1.e4 c5 2.Nf3 d6 3.d4 cxd4 4.Qxd4 a6 5.Bg5 Nc6 6.Qd2 g6 7.Nc3 Bg7 8.Bc4 
Nf6 9.O-O-O O-O 10.Bh6 b5 11.Bxg7 Kxg7 12.Bd5 Bb7 13.h4 h5 14.Nh2 b4 15.
Nb1 e6 16.Bxc6 Bxc6 17.f3 Qa5 18.a3 Rab8 19.Qxd6 Rfc8 20.Rd2 Ba4 21.Rhd1 
Rb6 22.Qe7 Rbc6 23.c3 bxc3 24.Nxc3 Rxc3+ 25.Kb1 Bxd1 26.Rxd1 R3c7 27.Qd6 
Rd7 28.Qxd7 Nxd7 29.Rxd7 Qc5 30.Nf1 Qc1+ 31.Ka2 Qxf1 32.e5 Qxg2 33.Rd6 Rb8
34.Rxa6 Qxb2# 0-1

[Event "8th American Continental (w)"]
[Site "Lima PER"]
[Date "2016.02.27"]
[Round "8.17"]
[White "Francia Arzapalo, Gianella"]
[Black "Bohorquez Canizares, Maria"]
[Result "1/2-1/2"]
[WhiteElo "1486"]
[BlackElo "1574"]
[EventDate "2016.02.20"]
[PlyCount "54"]

1.d4 Nf6 2.Nf3 d6 3.Bf4 c6 4.c3 Nbd7 5.e3 Qc7 6.h3 e5 7.Bh2 Be7 8.Be2 O-O 
9.O-O b5 10.Qc2 Re8 11.Rd1 Bf8 12.Nbd2 Qb6 13.dxe5 Nxe5 14.Nxe5 dxe5 15.
Nf3 e4 16.Nd4 a6 17.a4 c5 18.a5 Qb7 19.Nb3 Be6 20.c4 b4 21.Rd2 Rad8 22.
Rad1 Qc8 23.Bg3 Nd7 24.Bf1 Bf5 25.Nc1 Nb8 26.Nb3 Nc6 27.Be2 Bg6 1/2-1/2

[Event "8th American Continental (w)"]
[Site "Lima PER"]
[Date "2016.02.27"]
[Round "8.18"]
[White "Pescoran Machaca, Mariabelen"]
[Black "Oncoy Custodio, Shantal Tania"]
[Result "1/2-1/2"]
[WhiteElo "1299"]
[BlackElo "1510"]
[EventDate "2016.02.20"]
[PlyCount "98"]

1.c4 e5 2.Nc3 Nf6 3.d3 d5 4.cxd5 Nxd5 5.Nf3 Nc6 6.a3 Bc5 7.e3 O-O 8.Be2 
Re8 9.O-O a5 10.Qc2 Bf8 11.Bd2 Re6 12.Rac1 Rg6 13.Kh1 Kh8 14.Qb3 Nxc3 15.
Rxc3 a4 16.Qc2 Be6 17.Qb1 Bd6 18.Bc1 Na5 19.e4 Nb3 20.Be3 f5 21.exf5 Bxf5 
22.Qd1 Re6 23.Ng5 Re7 24.Nf3 Re8 25.Qe1 b5 26.Qd1 c5 27.Ng5 Qe7 28.Ne4 b4 
29.axb4 cxb4 30.Rc4 Rec8 31.Rc2 Rxc2 32.Qxc2 Rc8 33.Qd1 Bb8 34.Qb1 Nd4 35.
Bd1 b3 36.Qa1 Bxe4 37.dxe4 Qb4 38.f3 Ba7 39.Qb1 Nxf3 40.Bxa7 Nd2 41.Qd3 
Nxf1 42.Qxf1 Qxe4 43.Bg1 h6 44.Qf2 Qb1 45.Bg4 Rd8 46.Bf5 Qc1 47.Qe2 Qf4 
48.Bd3 Re8 49.Be3 Qb4 1/2-1/2

[Event "8th American Continental (w)"]
[Site "Lima PER"]
[Date "2016.02.27"]
[Round "8.19"]
[White "Estrada Cantaro, Alexandra Fiorella"]
[Black "Bocangel Chavez, Marjoire"]
[Result "0-1"]
[WhiteElo "1635"]
[BlackElo "1708"]
[EventDate "2016.02.20"]
[PlyCount "82"]

1.e4 e6 2.d4 d5 3.Nd2 Nf6 4.e5 Nfd7 5.f4 c5 6.Ndf3 Nc6 7.Ne2 cxd4 8.Nexd4 
Bc5 9.Nb3 Bb6 10.Qe2 O-O 11.Bd2 a5 12.O-O-O a4 13.Na1 a3 14.b3 Nd4 15.Nxd4
Bxd4 16.c3 Qc7 17.Kb1 Bxc3 18.Rc1 d4 19.Bxc3 dxc3 20.Qd3 b6 21.Rxc3 Qa7 
22.Qh3 Nc5 23.Bd3 Nxd3 24.Rxd3 Ba6 25.Rdd1 Bb7 26.Qd3 Rac8 27.Rd2 Qa5 28.
Rhd1 Rc3 29.Qd4 Rc5 30.Nc2 Rd5 31.Qe3 Rc8 32.Rxd5 Bxd5 33.Qd4 g6 34.Ne3 
Rd8 35.Rc1 Qb5 36.Rc4 Kg7 37.Nxd5 Rxd5 38.Qc3 Rd1+ 39.Kc2 Qd5 40.Rc7 Rg1 
41.Qf3 Rxg2+ 0-1

[Event "8th American Continental (w)"]
[Site "Lima PER"]
[Date "2016.02.28"]
[Round "9.1"]
[White "Paredes Bustamante, Paula"]
[Black "Cori Tello, Deysi"]
[Result "0-1"]
[WhiteElo "2096"]
[BlackElo "2430"]
[EventDate "2016.02.20"]
[PlyCount "104"]

1.e4 g6 2.d4 Bg7 3.c3 d6 4.f4 Nf6 5.Bd3 e5 6.Nf3 O-O 7.O-O exd4 8.cxd4 Nc6
9.Nc3 Bg4 10.Be3 Nd7 11.Be2 Re8 12.h3 Bxf3 13.Bxf3 Nb6 14.Bf2 Qf6 15.Ne2 
Qe7 16.Qc2 Nb4 17.Qd2 c5 18.a3 Na6 19.Rac1 Rac8 20.Rfe1 cxd4 21.Nxd4 Nc5 
22.Rcd1 Qf6 23.b3 a6 24.g3 Rc7 25.Qa5 Na8 26.Qd2 Qe7 27.b4 Na4 28.Rc1 N8b6
29.b5 Nc4 30.Qe2 Nab6 31.a4 Qd7 32.bxa6 bxa6 33.a5 Nxa5 34.Bg4 Qe7 35.Rxc7
Qxc7 36.Qxa6 Nbc4 37.Nb5 Qd8 38.Rd1 h5 39.Bf3 Qf6 40.Nxd6 Rd8 41.e5 Nxe5 
42.Be2 Nec6 43.Ne4 Rxd1+ 44.Bxd1 Qd8 45.Bf3 Nd4 46.Bg2 Ne6 47.Qb5 h4 48.f5
Nd4 49.Qd3 gxf5 50.Nc5 hxg3 51.Bxg3 Qb6 52.Na4 Nf3+ 0-1

[Event "8th American Continental (w)"]
[Site "Lima PER"]
[Date "2016.02.28"]
[Round "9.2"]
[White "Arribas Robaina, Maritza"]
[Black "Franco Valencia, Beatriz Irene"]
[Result "1-0"]
[WhiteElo "2333"]
[BlackElo "2153"]
[EventDate "2016.02.20"]
[PlyCount "65"]

1.e4 c6 2.d4 g6 3.Nc3 Bg7 4.Bc4 d6 5.Nf3 b5 6.Bb3 b4 7.Ne2 Nf6 8.e5 Ne4 9.
Ng3 Nxg3 10.hxg3 d5 11.Bh6 Bxh6 12.Rxh6 Bg4 13.Qd2 Bxf3 14.gxf3 a5 15.c3 
a4 16.Bc2 a3 17.bxa3 bxa3 18.e6 Qd6 19.exf7+ Kxf7 20.O-O-O Nd7 21.Rdh1 Kg7
22.f4 e6 23.g4 Rae8 24.f5 exf5 25.gxf5 Qb8 26.Qg5 Nf8 27.fxg6 Ne6 28.Rxh7+
Rxh7 29.Rxh7+ Kg8 30.Rh8+ Kg7 31.Qh6+ Kf6 32.g7+ Ke7 33.Rxe8+ 1-0

[Event "8th American Continental (w)"]
[Site "Lima PER"]
[Date "2016.02.28"]
[Round "9.3"]
[White "Eswaran, Ashritha"]
[Black "Franco Valencia, Angela Maria"]
[Result "1-0"]
[WhiteElo "2149"]
[BlackElo "2197"]
[EventDate "2016.02.20"]
[PlyCount "105"]

1.e4 c5 2.Nf3 d6 3.d4 cxd4 4.Nxd4 Nf6 5.Nc3 a6 6.Be3 e5 7.Nf3 Qc7 8.a4 b6 
9.Nd2 Bb7 10.Nc4 Nbd7 11.f3 Be7 12.Bf2 O-O 13.Ne3 Rfd8 14.Bc4 Nf8 15.Bd5 
Rd7 16.O-O Ng6 17.Bxb7 Qxb7 18.Ned5 Bd8 19.Qd3 Rc8 20.Ra3 Nxd5 21.Nxd5 Nf4
22.Nxf4 exf4 23.Qd2 Bf6 24.c3 Be5 25.Rb3 Rc6 26.Qd5 Qc7 27.Rd1 h6 28.Bd4 
Re7 29.Bxe5 Rxe5 30.Qd2 g5 31.Rb4 b5 32.axb5 Rxb5 33.Rxb5 axb5 34.Ra1 Qb6+
35.Kh1 Rc8 36.Qd3 b4 37.c4 b3 38.Ra4 Qf2 39.h3 Qxb2 40.Qxd6 Qc1+ 41.Kh2 b2
42.Qxh6 b1=Q 43.Qxg5+ Kf8 44.Qh6+ Ke8 45.Qh8+ Kd7 46.Qd4+ Kc7 47.Qc5+ Kd8 
48.Qf8+ Kc7 49.Qe7+ Kb6 50.Qa7+ Kc6 51.Ra6+ Qb6 52.Rxb6+ Kc5 53.Rb1+ 1-0

[Event "8th American Continental (w)"]
[Site "Lima PER"]
[Date "2016.02.28"]
[Round "9.4"]
[White "Zuriel, Marisa"]
[Black "Fernandez, Maria Florencia"]
[Result "0-1"]
[WhiteElo "2295"]
[BlackElo "2264"]
[EventDate "2016.02.20"]
[PlyCount "86"]

1.e4 e6 2.d4 d5 3.Nd2 c5 4.exd5 Qxd5 5.Ngf3 Nf6 6.Bc4 Qd6 7.O-O Be7 8.Nb3 
cxd4 9.Nbxd4 O-O 10.Qe2 a6 11.Bg5 Nc6 12.Rad1 Nxd4 13.Rxd4 Qc5 14.c3 b5 
15.Bb3 a5 16.Rfd1 a4 17.Bc2 Bb7 18.Ne5 Bd5 19.Bxf6 Bxf6 20.Nd7 Qe7 21.
Nxf6+ Qxf6 22.Qxb5 Rfb8 23.Qd3 g6 24.c4 Bc6 25.b3 axb3 26.axb3 Rc8 27.h4 
e5 28.Rg4 Rd8 29.Qe2 Rxd1+ 30.Qxd1 h5 31.Rg3 e4 32.Qxh5 Ra1+ 33.Kh2 Qxf2 
34.Rxg6+ fxg6 35.Qxg6+ Kf8 36.Qh6+ Kf7 37.Qh7+ Ke6 38.Qg8+ Qf7 39.Qg4+ Qf5
40.Qg8+ Qf7 41.Qg4+ Ke7 42.Qg5+ Qf6 43.Qg4 Qd6+ 0-1

[Event "8th American Continental (w)"]
[Site "Lima PER"]
[Date "2016.02.28"]
[Round "9.5"]
[White "Fuentes Godoy, Lilia Ivonne"]
[Black "Abrahamyan, Tatev"]
[Result "0-1"]
[WhiteElo "2062"]
[BlackElo "2324"]
[EventDate "2016.02.20"]
[PlyCount "68"]

1.d4 Nf6 2.c4 e6 3.Nf3 b6 4.a3 Ba6 5.Qa4 c5 6.Nc3 cxd4 7.Nxd4 Bc5 8.e3 Bb7
9.b4 Be7 10.f3 O-O 11.Be2 d5 12.cxd5 Nxd5 13.Nxd5 Qxd5 14.Bb2 Qg5 15.Kf2 
e5 16.Nc2 Nc6 17.Rad1 Rfd8 18.e4 Qf6 19.Ba6 Bxa6 20.Qxa6 Qe6 21.Ne3 Qb3 
22.Qe2 a5 23.b5 Nd4 24.Bxd4 exd4 25.Nd5 Bc5 26.Rd3 Qc4 27.Rb1 f5 28.Kg1 
fxe4 29.fxe4 Rf8 30.Qd2 Rf7 31.g3 Re8 32.Rc1 Qxb5 33.Nf4 Rxe4 34.Qg2 Rexf4
0-1

[Event "8th American Continental (w)"]
[Site "Lima PER"]
[Date "2016.02.28"]
[Round "9.6"]
[White "Zarate Oyague, Flor de Maria"]
[Black "Dominguez Barrios, Laura Lucia"]
[Result "1-0"]
[WhiteElo "1924"]
[BlackElo "2078"]
[EventDate "2016.02.20"]
[PlyCount "79"]

1.d4 g6 2.c4 Bg7 3.e4 d6 4.Nc3 Nd7 5.Bg5 h6 6.Be3 e5 7.d5 Ne7 8.g4 g5 9.
Qd2 Nf6 10.f3 Ng6 11.O-O-O Qe7 12.Kb1 O-O 13.Qf2 Rd8 14.Nge2 a6 15.Ng3 Nh4
16.Be2 c6 17.c5 cxd5 18.exd5 Ne8 19.Nge4 f5 20.cxd6 Nxd6 21.Nxd6 Qxd6 22.
Bc5 Qf6 23.Na4 b5 24.Nb6 Bb7 25.Nxa8 Bxa8 26.Rd2 Rxd5 27.Rhd1 Qf7 28.Ba7 
Rxd2 29.Rxd2 Bd5 30.a3 fxg4 31.fxg4 Qe6 32.Qb6 Be4+ 33.Ka1 Qf7 34.Qxa6 Nf3
35.Rd8+ Kh7 36.Bxb5 Ne1 37.Bc4 Qf3 38.Qe6 Bc6 39.Qg8+ Kg6 40.Rd6+ 1-0